Vista normal Vista MARC

Entrada Personal Name

Número de registros utilizados en: 3

001 - CONTROL NUMBER

  • control field: 8726

003 - CONTROL NUMBER IDENTIFIER

  • control field: OSt

005 - DATE AND TIME OF LATEST TRANSACTION

  • control field: 20200813134353.0

008 - FIXED-LENGTH DATA ELEMENTS

  • fixed length control field: 200813|| aca||aabn | a|a d

040 ## - CATALOGING SOURCE

  • Original cataloging agency: OSt
  • Transcribing agency: OSt

100 ## - HEADING--PERSONAL NAME

  • Personal name: Ordóñez Ordñez, Andrés E.

670 ## - SOURCE DATA FOUND

  • Source citation: Work cat.: (OSt)5996: Ordóñez Ordñez, Andrés E., autor, El seguro de cumplimiento de contratos estatales en Colombia /, 2011.